La deuda externa un enfoque alternativo

Zapisane w:
Opis bibliograficzny
1. autor: Guillén Romo, Héctor
Format: Texto
Wydane: Tegucigalpa: UNAH
Etykiety: Dodaj etykietę
Nie ma etykietki, Dołącz pierwszą etykiete!

MARC

LEADER 00000 a a2200000 04500
001 21054
003
040
090 |a 090900  
100 |a Guillén Romo, Héctor  
245 |a La deuda externa un enfoque alternativo  
260 |a Tegucigalpa:   |b UNAH  
300 |a 27 p.  
999 |c 736  |d 736